Water in 10 different languages - Statistics

General Stats
  • This quiz has been taken 18 times
  • The average score is 5 of 10
Answer Stats
Hint Answer % Correct
english water
100%
polish woda
75%
spanish agua
69%
portuguese (brazilian) água
69%
french eau
69%
italian acqua
56%
romanian apă
19%
Swedish vatten
19%
turkish su
6%
finnish vettä
0%
No matching quizzes found
Score Distribution
Percent of People with Each Score
Percentile by Number Answered
Your Score History
You have not taken this quiz